Language Quiz

Random Language or Letter Quiz

4-Letter Vocabulary (Easy) Quiz Stats

 Plays Quiz Updated Jun 23, 2017

Support Sporcle.
Go Orange.
Score 0/25 Timer 05:00
1 Play Today
% Correct
deck
97.2%
ruby
96.4%
knee
96.4%
melt
95.3%
bail
95%
ache
94.7%
doll
94.4%
mole
89.7%
easy
89.1%
sack
85.7%
cake
82.2%
kind
81.5%
volt
79.7%
% Correct
reef
78.7%
long
78.1%
ball
74.5%
mall
73.5%
call
70.3%
hose
64.7%
area
60.4%
shoe
58.4%
line
57.3%
mill
54.7%
aunt
52.7%
rack
48.3%

You're not logged in!

Compare scores with friends on all Sporcle quizzes.
OR
Log In
Forgot?

From the Vault

Oscar Best Actress (1990s)

by minshkins

Has anyone ever won an Oscar for being the best actress while playing the role of an actress acting like an actress?
Remove Ads.
Support Sporcle.
Get the best of Sporcle when you Go Orange. This ad-free experience offers more features, more stats, and more fun while also helping to support Sporcle. Thank you for becoming a member.

Show Comments

Extras

Top Quizzes Today


Score Distribution

Your Account Isn't Verified!

In order to create a playlist on Sporcle, you need to verify the email address you used during registration. Go to your Sporcle Settings to finish the process.

Report this User

Report this user for behavior that violates our Community Guidelines.

Details: